<?xml version="1.0" encoding="UTF-8"?>
<record
    xmlns:xsi="http://www.w3.org/2001/XMLSchema-instance"
    xsi:schemaLocation="http://www.loc.gov/MARC21/slim http://www.loc.gov/standards/marcxml/schema/MARC21slim.xsd"
    xmlns="http://www.loc.gov/MARC21/slim">

  <leader>01094nam a2200229 i 4500</leader>
  <controlfield tag="001">154178</controlfield>
  <controlfield tag="003">ES-MaACL</controlfield>
  <controlfield tag="005">20250826070628.0</controlfield>
  <controlfield tag="008">990727s1891    fr           |||| | fre d</controlfield>
  <datafield tag="040" ind1=" " ind2=" ">
    <subfield code="a">CCPB | B </subfield>
    <subfield code="b">spa </subfield>
    <subfield code="c">CCPB | B</subfield>
  </datafield>
  <datafield tag="100" ind1="1" ind2=" ">
    <subfield code="a">Caubet, L&#xE9;o.</subfield>
    <subfield code="9">126401</subfield>
  </datafield>
  <datafield tag="245" ind1="1" ind2="4">
    <subfield code="a">Les conditions du travail dans le Royaume-Uni de Grande-Bretagne et d'Irlande </subfield>
    <subfield code="b">:  rapport adress&#xE9; au Ministre des Affaires &#xC9;trang&#xE8;res / </subfield>
    <subfield code="c">par M. L&#xE9;o Caubet.</subfield>
  </datafield>
  <datafield tag="260" ind1=" " ind2=" ">
    <subfield code="a">Paris ; </subfield>
    <subfield code="a">Nancy : </subfield>
    <subfield code="b">Berger-Levrault et Cie, </subfield>
    <subfield code="c">1891.</subfield>
  </datafield>
  <datafield tag="300" ind1=" " ind2=" ">
    <subfield code="a">133, [3] p. ; </subfield>
    <subfield code="c">23 cm.</subfield>
  </datafield>
  <datafield tag="490" ind1="1" ind2=" ">
    <subfield code="a">Recueil de rapports sur les conditions du travail dans les pays &#xE9;trangers adress&#xE9;s au Ministre des affaires &#xE9;trangeres</subfield>
  </datafield>
  <datafield tag="596" ind1=" " ind2=" ">
    <subfield code="a">Marca del ed. en port.</subfield>
  </datafield>
  <datafield tag="597" ind1=" " ind2=" ">
    <subfield code="a">Antep.</subfield>
  </datafield>
  <datafield tag="650" ind1=" " ind2="7">
    <subfield code="a">Trabajo-</subfield>
    <subfield code="z">Gran Breta&#xF1;a</subfield>
    <subfield code="2"></subfield>
    <subfield code="9">161261</subfield>
  </datafield>
  <datafield tag="830" ind1="0" ind2=" ">
    <subfield code="a">Recueil de rapports sur les conditions du travail dans les pays &#xE9;trangers adress&#xE9;s au Ministre des affaires &#xE9;trangeres</subfield>
    <subfield code="9">187853</subfield>
  </datafield>
  <datafield tag="852" ind1=" " ind2=" ">
    <subfield code="a">ES-MaACL</subfield>
    <subfield code="j">G-10806(5) </subfield>
    <subfield code="z">-- Enc. pasta espa&#xF1;ola conservando la original</subfield>
    <subfield code="z">-- Donativo de Azc&#xE1;rate</subfield>
  </datafield>
  <datafield tag="999" ind1=" " ind2=" ">
    <subfield code="c">154178</subfield>
    <subfield code="d">154178</subfield>
  </datafield>
  <datafield tag="952" ind1=" " ind2=" ">
    <subfield code="0">0</subfield>
    <subfield code="1">0</subfield>
    <subfield code="4">0</subfield>
    <subfield code="7">0</subfield>
    <subfield code="8">LIBXIX</subfield>
    <subfield code="a">ATENEOM</subfield>
    <subfield code="b">ATENEOM</subfield>
    <subfield code="c">SPP3</subfield>
    <subfield code="d">2008-01-17</subfield>
    <subfield code="e">SSC</subfield>
    <subfield code="l">0</subfield>
    <subfield code="o">G-10806(5)</subfield>
    <subfield code="p">1161216</subfield>
    <subfield code="r">2023-02-23 00:00:00</subfield>
    <subfield code="w">2023-02-23</subfield>
    <subfield code="y">MONANT</subfield>
  </datafield>
</record>
